000 00942cam a22002893a 4500
001 8432
003 PGUSA
005 20140828083156.0
008 050701s2005||||xxu|||||s|||||000 | eng d
040 _aPGUSA
_beng
042 _adc
050 4 _aE300
100 1 _aHigginson, Thomas Wentworth,
_d1823-1911
245 1 0 _aBlack Rebellion :
_bFive Slave Revolts
_h[electronic resource] /
_cThomas Wentworth Higginson
260 _bProject Gutenberg,
_c2005
500 _aConsists of the last five chapters of Higginson's "Travellers and Outlaws".
506 _aPublic domain in the USA.
516 _aElectronic text
653 _aSlave insurrections -- Jamaica
653 _aSlave insurrections -- Suriname
653 _aMaroons -- Suriname
653 _aMaroons -- Jamaica
653 _aSlave insurrections -- United States
830 0 _aProject Gutenberg
_v8432
856 4 0 _uhttp://www.gutenberg.org/ebooks/8432
942 _cEB
999 _c237732
_d237732